[Event "Montreal Mercredi 11"]
[Site "Montreal CAN"]
[Date "2011.11.23"]
[Round "2"]
[White "Luo, Zhao Yang"]
[Black "Valle-Romo, Ricardo"]
[Result "0-1"]
[WhiteElo "1957"]
[BlackElo "1939"]
[PlyCount "104"]
[GameId "2160767909573555"]
[EventDate "2011.11.16"]
[EventType "swiss"]
[EventRounds "5"]
[EventCountry "CAN"]
[SourceTitle "EXT 2022"]
[Source "ChessBase"]
[SourceDate "2021.10.06"]
[SourceVersion "1"]
[SourceVersionDate "2021.10.06"]
[SourceQuality "1"]

1. d4 b5 2. Nf3 Bb7 3. e3 a6 4. Bd3 Nf6 5. O-O e6 6. b3 c5 7. Bb2 Nc6 8. a3 cxd4 9. exd4 Nd5 10. Be4 Nf6 11. Bd3 Bd6 12. Ne5 O-O 13. Nd2 Rc8 14. c4 Qc7 15. cxb5 axb5 16. Rc1 Qb6 17. Ndf3 Ne7 18. Qe2 Ned5 19. Qd2 Bb8 20. Qg5 h6 21. Qh4 d6 22. Ng4 Nxg4 23. Qxg4 f5 24. Qg3 Rf6 25. Rfe1 Kf7 26. Nh4 g5 27. Nf3 Nf4 28. Bb1 b4 29. a4 Rg8 30. h4 Nh5 31. Qh2 g4 32. Nd2 g3 33. fxg3 Rxg3 34. Nc4 Qa6 35. Rc2 Rfg6 36. Ne3 Be4 37. Rcc1 Bxb1 38. Rxb1 Nf4 39. Kh1 Nd3 40. Re2 Nxb2 41. Rbxb2 Qd3 42. Nf1 R3g4 43. Ne3 Rxd4 44. Qh3 Qe4 45. h5 Rg5 46. Nxf5 Qxf5 47. Rf2 Rf4 48. Qe3 e5 49. Qb6 Rg8 50. Qb7+ Ke6 51. Rbd2 Qb1+ 52. Kh2 Rh4# 0-1

[Event "Montreal Mercredi 11"]
[Site "Montreal CAN"]
[Date "2011.11.23"]
[Round "2"]
[White "Mestre, Evick"]
[Black "Chenard, Yanick"]
[Result "1-0"]
[WhiteElo "1553"]
[BlackElo "1539"]
[PlyCount "47"]
[GameId "2160767909573556"]
[EventDate "2011.11.16"]
[EventType "swiss"]
[EventRounds "5"]
[EventCountry "CAN"]
[SourceTitle "EXT 2022"]
[Source "ChessBase"]
[SourceDate "2021.10.06"]
[SourceVersion "1"]
[SourceVersionDate "2021.10.06"]
[SourceQuality "1"]

1. d4 Nf6 2. c4 e6 3. Nc3 Bb4 4. a3 Bxc3+ 5. bxc3 c5 6. e3 Nc6 7. Bd3 O-O 8. Nf3 b6 9. e4 h6 10. O-O Qc7 11. e5 Ne8 12. Re1 Bb7 13. Nh4 f5 14. Bxh6 gxh6 15. Qh5 Ng7 16. Qxh6 Ne7 17. Re3 Rf7 18. Rg3 d6 19. Be2 dxe5 20. Bh5 Raf8 21. Bg6 Nxg6 22. Nxg6 Rf6 23. Qh8+ Kf7 24. Qxf8# 1-0

[Event "Montreal Mercredi 11"]
[Site "Montreal CAN"]
[Date "2011.11.23"]
[Round "2"]
[White "Millette, Sylvain"]
[Black "Pozdnyakov, Alexander"]
[Result "0-1"]
[WhiteElo "1594"]
[BlackElo "1667"]
[PlyCount "63"]
[GameId "2160767909573557"]
[EventDate "2011.11.16"]
[EventType "swiss"]
[EventRounds "5"]
[EventCountry "CAN"]
[SourceTitle "EXT 2022"]
[Source "ChessBase"]
[SourceDate "2021.10.06"]
[SourceVersion "1"]
[SourceVersionDate "2021.10.06"]
[SourceQuality "1"]

1. Nf3 f5 2. e4 fxe4 3. Ng5 Nc6 4. d3 e3 5. Bxe3 e5 6. d4 exd4 7. Bd3 Nf6 8. Bf4 Bb4+ 9. c3 Qe7+ 10. Kd2 dxc3+ 11. bxc3 Bd6 12. Bg3 Bxg3 13. hxg3 O-O 14. Bxh7+ Nxh7 15. Qb3+ d5 16. Qxd5+ Be6 17. Nxe6 Qf7 18. Qh5 Qxh5 19. Rxh5 Rxf2+ 20. Ke3 Rxg2 21. Na3 Rxg3+ 22. Kd2 Nf6 23. Rh4 Ne5 24. Kc2 Nd5 25. Rah1 Kf7 26. Nd4 Rxc3+ 27. Kb2 Nd3+ 28. Ka1 Rxa3 29. Nb5 Ra5 30. Rd1 Rxb5 31. Rxd3 Rc8 32. Rh1 0-1

[Event "Montreal Mercredi 11"]
[Site "Montreal CAN"]
[Date "2011.11.23"]
[Round "2"]
[White "Nardone, Raul"]
[Black "Morin, Louis"]
[Result "0-1"]
[WhiteElo "1835"]
[BlackElo "1846"]
[PlyCount "24"]
[GameId "2160767909573558"]
[EventDate "2011.11.16"]
[EventType "swiss"]
[EventRounds "5"]
[EventCountry "CAN"]
[SourceTitle "EXT 2022"]
[Source "ChessBase"]
[SourceDate "2021.10.06"]
[SourceVersion "1"]
[SourceVersionDate "2021.10.06"]
[SourceQuality "1"]

1. e4 c5 2. Nf3 e6 3. d4 cxd4 4. Nxd4 Nf6 5. Nc3 Bb4 6. e5 Ne4 7. Qg4 Nxc3 8. Qxg7 Rf8 9. bxc3 Bxc3+ 10. Kd1 Bxd4 11. Ba3 d6 12. Bxd6 Qxd6 0-1

[Event "Montreal Mercredi 11"]
[Site "Montreal CAN"]
[Date "2011.12.02"]
[Round "2"]
[White "Tremblay, Alain"]
[Black "Cardin, Guillaume"]
[Result "1/2-1/2"]
[WhiteElo "2045"]
[BlackElo "2007"]
[PlyCount "143"]
[GameId "2160767909573559"]
[EventDate "2011.11.16"]
[EventType "swiss"]
[EventRounds "5"]
[EventCountry "CAN"]
[SourceTitle "EXT 2022"]
[Source "ChessBase"]
[SourceDate "2021.10.06"]
[SourceVersion "1"]
[SourceVersionDate "2021.10.06"]
[SourceQuality "1"]

1. e4 d5 2. exd5 Qxd5 3. Nc3 Qd6 4. d4 Nf6 5. g3 c6 6. Bg2 Bg4 7. f3 Bf5 8. Nge2 e6 9. Bf4 Qb4 10. Rb1 Be7 11. a3 Qa5 12. O-O O-O 13. Qd2 Nbd7 14. Rfe1 Rfe8 15. Kh1 Bf8 16. g4 Bg6 17. Bg3 h6 18. Nf4 Bh7 19. Nd3 Rad8 20. b4 Qb6 21. Qe3 Nd5 22. Nxd5 cxd5 23. Re2 Bxd3 24. Qxd3 Rc8 25. f4 Rc4 26. Bf2 Rec8 27. f5 Rc3 28. Qd1 Rxa3 29. fxe6 fxe6 30. Qe1 Rac3 31. Rxe6 Qb5 32. g5 hxg5 33. Re8 Rxe8 34. Qxe8 Qc6 35. Re1 Nf6 36. Qd8 Rxc2 37. Be3 Qd6 38. Qxd6 Bxd6 39. Bxg5 Bxb4 40. Rb1 a5 41. Bxf6 gxf6 42. Bxd5+ Kf8 43. Bxb7 Bd6 44. Bg2 Rd2 45. h3 Rxd4 46. Kg1 a4 47. Ra1 a3 48. Ra2 Rb4 49. Kf2 f5 50. Bf1 Kg7 51. Be2 Rb2 52. Rxb2 axb2 53. Bd3 f4 54. Kf3 Kf6 55. Ke4 Bb8 56. Bb1 Ke6 57. Bc2 Bc7 58. Bd3 Kf6 59. Bc2 Kg5 60. Kf3 Bb6 61. Bb1 Be3 62. Bc2 Kf6 63. Ke4 Ke6 64. Bb1 Kd6 65. Bc2 Kc5 66. Bd3 Kb4 67. h4 Kc3 68. Bb1 Kd2 69. Kf3 Kc1 70. Bf5 b1=Q 71. Bxb1 Kxb1 72. h5 1/2-1/2

[Event "Montreal Mercredi 11"]
[Site "Montreal CAN"]
[Date "2011.11.30"]
[Round "3"]
[White "Cardin, Guillaume"]
[Black "Lopez Linares, Lizandro"]
[Result "1/2-1/2"]
[WhiteElo "2007"]
[BlackElo "2086"]
[PlyCount "100"]
[GameId "2160767909573560"]
[EventDate "2011.11.16"]
[EventType "swiss"]
[EventRounds "5"]
[EventCountry "CAN"]
[SourceTitle "EXT 2022"]
[Source "ChessBase"]
[SourceDate "2021.10.06"]
[SourceVersion "1"]
[SourceVersionDate "2021.10.06"]
[SourceQuality "1"]

1. d4 d5 2. c4 e6 3. Nf3 Nf6 4. g3 Be7 5. Bg2 O-O 6. O-O Ne4 7. Nbd2 f5 8. Qc2 c6 9. Rb1 a5 10. a3 a4 11. b4 axb3 12. Rxb3 Nd7 13. Ne5 Nxe5 14. dxe5 Nc5 15. Rb1 d4 16. Nf3 d3 17. exd3 Qxd3 18. Qxd3 Nxd3 19. Rd1 Nxc1 20. Rbxc1 Rxa3 21. c5 Rd8 22. Rd6 Rd3 23. Ra1 Kf7 24. h4 h6 25. Ne1 Rd2 26. Nf3 Bxd6 27. exd6 Rd5 28. Ra8 Rd1+ 29. Kh2 Kf6 30. h5 e5 31. Nh4 Rg8 32. Rb8 Be6 33. Rxb7 e4 34. g4 f4 35. Bxe4 Bd5 36. Bxd5 Rxd5 37. Ng6 Rxc5 38. Nxf4 Rc4 39. Kg3 Rd8 40. d7 Rd4 41. Rc7 Rd6 42. Ng6 R8xd7 43. Rc8 Rd8 44. Rc7 Ra8 45. f4 Ra3+ 46. Kh4 Ra4 47. Kg3 Ra3+ 48. Kh4 Rc3 49. g5+ hxg5+ 50. fxg5+ Kf5 1/2-1/2

[Event "Montreal Mercredi 11"]
[Site "Montreal CAN"]
[Date "2011.11.30"]
[Round "3"]
[White "Chenard, Yanick"]
[Black "Berthiaume, Yves"]
[Result "1-0"]
[WhiteElo "1539"]
[BlackElo "1428"]
[PlyCount "87"]
[GameId "2160767909573561"]
[EventDate "2011.11.16"]
[EventType "swiss"]
[EventRounds "5"]
[EventCountry "CAN"]
[SourceTitle "EXT 2022"]
[Source "ChessBase"]
[SourceDate "2021.10.06"]
[SourceVersion "1"]
[SourceVersionDate "2021.10.06"]
[SourceQuality "1"]

1. e4 e6 2. d4 d5 3. exd5 exd5 4. Nf3 Nf6 5. Bd3 Bg4 6. h3 Bh5 7. O-O Be7 8. Bf4 Nbd7 9. Nbd2 O-O 10. Re1 c6 11. c3 Re8 12. Qc2 Nf8 13. Re3 Bg6 14. Ne5 Bxd3 15. Qxd3 Nh5 16. Qf5 Nf6 17. Rg3 Ne6 18. Bh6 Bf8 19. Ndf3 Qe7 20. Re1 Kh8 21. Ng5 Nxg5 22. Bxg5 Qe6 23. Qxe6 fxe6 24. Bxf6 Kg8 25. Nd7 Kf7 26. Bg5 Bd6 27. Rf3+ Kg6 28. Bf4 Rad8 29. Ne5+ Bxe5 30. Rxe5 Rd7 31. Bd2 h6 32. Rg3+ Kh7 33. h4 Rf7 34. Rge3 Rf6 35. Kf1 Kg8 36. Ke2 Rg6 37. Rg3 Rf6 38. h5 Rf7 39. Bxh6 Kh7 40. Be3 a6 41. Rg6 Rfe7 42. Bg5 Rf7 43. Rgxe6 Ref8 44. f4 1-0

[Event "Montreal Mercredi 11"]
[Site "Montreal CAN"]
[Date "2011.11.30"]
[Round "3"]
[White "Cote, Philippe"]
[Black "Millette, Sylvain"]
[Result "1/2-1/2"]
[WhiteElo "1709"]
[BlackElo "1594"]
[PlyCount "99"]
[GameId "2160767909573562"]
[EventDate "2011.11.16"]
[EventType "swiss"]
[EventRounds "5"]
[EventCountry "CAN"]
[SourceTitle "EXT 2022"]
[Source "ChessBase"]
[SourceDate "2021.10.06"]
[SourceVersion "1"]
[SourceVersionDate "2021.10.06"]
[SourceQuality "1"]

1. d4 Nf6 2. Nf3 g6 3. e3 d5 4. Bd3 Bg7 5. O-O O-O 6. Nbd2 b6 7. Ne5 Ba6 8. Bxa6 Nxa6 9. Qe2 Nb8 10. c3 Qd6 11. f4 e6 12. g4 Nfd7 13. Ndf3 f6 14. Nxd7 Nxd7 15. e4 dxe4 16. Qxe4 f5 17. Qe2 fxg4 18. Ng5 Nf6 19. Qxe6+ Qxe6 20. Nxe6 Rf7 21. f5 gxf5 22. Rxf5 Re8 23. Nxg7 Kxg7 24. Bf4 h6 25. Be5 Kg6 26. Raf1 Ref8 27. Rxf6+ Rxf6 28. Rxf6+ Rxf6 29. Bxf6 Kxf6 30. Kf2 c6 31. Kg3 Kg5 32. c4 h5 33. d5 cxd5 34. cxd5 h4+ 35. Kf2 Kf5 36. d6 Ke6 37. d7 Kxd7 38. Ke3 Ke6 39. Kf4 g3 40. hxg3 hxg3 41. Kxg3 Ke5 42. Kf3 Kd4 43. Ke2 b5 44. Kd2 a6 45. Kc2 Kc4 46. a3 a5 47. b3+ Kd4 48. Kd2 a4 49. bxa4 bxa4 50. Kc2 1/2-1/2

[Event "Montreal Mercredi 11"]
[Site "Montreal CAN"]
[Date "2011.11.30"]
[Round "3"]
[White "Gagnon, Serge"]
[Black "Tremblay, Alain"]
[Result "1-0"]
[WhiteElo "2131"]
[BlackElo "2045"]
[PlyCount "93"]
[GameId "2160767909573563"]
[EventDate "2011.11.16"]
[EventType "swiss"]
[EventRounds "5"]
[EventCountry "CAN"]
[SourceTitle "EXT 2022"]
[Source "ChessBase"]
[SourceDate "2021.10.06"]
[SourceVersion "1"]
[SourceVersionDate "2021.10.06"]
[SourceQuality "1"]

1. d4 Nf6 2. c4 c5 3. d5 e5 4. Nc3 d6 5. e4 Nbd7 6. Nf3 g6 7. Be2 a6 8. O-O h5 9. Ne1 Be7 10. f4 exf4 11. Bxf4 Kf8 12. Nd3 Ng4 13. Bxg4 hxg4 14. Nf2 Nf6 15. e5 dxe5 16. Bxe5 Bd6 17. Bxd6+ Qxd6 18. g3 Bf5 19. Qd2 Kg7 20. Rae1 Rae8 21. Rxe8 Rxe8 22. Re1 Re5 23. Re2 Rxe2 24. Qxe2 b5 25. Kf1 bxc4 26. Qxc4 Qb6 27. b3 Qb4 28. Ke2 Qa3 29. Nd3 Bxd3+ 30. Qxd3 Nd7 31. Qc2 Qb4 32. Ne4 Qb6 33. Qc3+ f6 34. a4 Kf7 35. a5 Qb8 36. Nxc5 Nxc5 37. Qxc5 Qxb3 38. Qc7+ Ke8 39. Qc8+ Kf7 40. Qe6+ Kg7 41. Qe7+ Kh6 42. Qe3+ Qxe3+ 43. Kxe3 Kg7 44. Kd4 Kf7 45. Kc5 Ke7 46. Kc6 Kd8 47. Kd6 1-0

[Event "Montreal Mercredi 11"]
[Site "Montreal CAN"]
[Date "2011.11.30"]
[Round "3"]
[White "Gauthier, Denis"]
[Black "Levkovsky, Alexandre"]
[Result "1-0"]
[WhiteElo "1961"]
[BlackElo "2289"]
[PlyCount "89"]
[GameId "2160767909573564"]
[EventDate "2011.11.16"]
[EventType "swiss"]
[EventRounds "5"]
[EventCountry "CAN"]
[SourceTitle "EXT 2022"]
[Source "ChessBase"]
[SourceDate "2021.10.06"]
[SourceVersion "1"]
[SourceVersionDate "2021.10.06"]
[SourceQuality "1"]

1. e4 c6 2. d4 d5 3. e5 Bf5 4. b4 e6 5. Bd2 f6 6. Nf3 Nd7 7. Bd3 Bg4 8. Bc3 Qc7 9. Qe2 O-O-O 10. Nbd2 Ne7 11. h3 Bh5 12. O-O fxe5 13. dxe5 h6 14. Qe3 Kb8 15. Nd4 Bf7 16. f4 g6 17. N2b3 Nf5 18. Qf2 h5 19. Bxf5 gxf5 20. Nf3 Be7 21. Ng5 Bxg5 22. fxg5 h4 23. Bd4 b6 24. a4 Rdg8 25. Be3 Ka8 26. a5 Kb7 27. Ra3 b5 28. Bf4 Rc8 29. Nd4 a6 30. Nf3 c5 31. Rc3 Qd8 32. bxc5 Qxa5 33. Qd4 Rc6 34. Nd2 Qa4 35. Be3 Qxd4 36. Bxd4 b4 37. Rb1 a5 38. Ra3 Ka6 39. Rxb4 Nxc5 40. Nb3 Nxb3 41. cxb3 Be8 42. Rb8 Rg8 43. b4 Rc1+ 44. Kh2 a4 45. Rb6+ 1-0

[Event "Montreal Mercredi 11"]
[Site "Montreal CAN"]
[Date "2011.11.30"]
[Round "3"]
[White "Morin, Louis"]
[Black "Rondon, Luciano"]
[Result "0-1"]
[WhiteElo "1846"]
[BlackElo "1836"]
[PlyCount "46"]
[GameId "2160767909573566"]
[EventDate "2011.11.16"]
[EventType "swiss"]
[EventRounds "5"]
[EventCountry "CAN"]
[SourceTitle "EXT 2022"]
[Source "ChessBase"]
[SourceDate "2021.10.06"]
[SourceVersion "1"]
[SourceVersionDate "2021.10.06"]
[SourceQuality "1"]

1. e4 c5 2. d4 cxd4 3. c3 dxc3 4. Nxc3 d6 5. Nf3 Nf6 6. Bc4 e6 7. O-O Be7 8. Qe2 O-O 9. Rd1 Qa5 10. b4 Qh5 11. Nb5 Nc6 12. Nc7 Rb8 13. b5 Ne5 14. Ba3 Nxc4 15. Qxc4 d5 16. Nxd5 exd5 17. Qc7 Bxa3 18. Qxb8 Bg4 19. Qxa7 Bxf3 20. gxf3 Bd6 21. Qe3 Qxh2+ 22. Kf1 Nh5 23. Rab1 Nf4 0-1

[Event "Montreal Mercredi 11"]
[Site "Montreal CAN"]
[Date "2011.11.30"]
[Round "3"]
[White "Munshi, Shawkat"]
[Black "Mestre, Evick"]
[Result "0-1"]
[WhiteElo "1486"]
[BlackElo "1553"]
[PlyCount "48"]
[GameId "2160767909573567"]
[EventDate "2011.11.16"]
[EventType "swiss"]
[EventRounds "5"]
[EventCountry "CAN"]
[SourceTitle "EXT 2022"]
[Source "ChessBase"]
[SourceDate "2021.10.06"]
[SourceVersion "1"]
[SourceVersionDate "2021.10.06"]
[SourceQuality "1"]

1. Nf3 d5 2. e3 c5 3. b3 Nf6 4. Be2 Nc6 5. O-O e5 6. d3 Bd6 7. Bb2 h6 8. Nbd2 Be6 9. c4 d4 10. e4 g5 11. h3 Ne7 12. a3 Ng6 13. Re1 Nf4 14. Bf1 g4 15. hxg4 Bxg4 16. b4 Rg8 17. bxc5 Bc7 18. Qb3 Nd7 19. Qb5 a6 20. Qa4 Nh3+ 21. gxh3 Bxf3+ 22. Kh2 Qg5 23. Nxf3 Qf4+ 24. Kh1 Qxf3+ 0-1

[Event "Montreal Mercredi 11"]
[Site "Montreal CAN"]
[Date "2011.11.30"]
[Round "3"]
[White "Pozdnyakov, Alexander"]
[Black "Hebert, Pierre"]
[Result "1/2-1/2"]
[WhiteElo "1667"]
[BlackElo "1585"]
[PlyCount "47"]
[GameId "2160767909573568"]
[EventDate "2011.11.16"]
[EventType "swiss"]
[EventRounds "5"]
[EventCountry "CAN"]
[SourceTitle "EXT 2022"]
[Source "ChessBase"]
[SourceDate "2021.10.06"]
[SourceVersion "1"]
[SourceVersionDate "2021.10.06"]
[SourceQuality "1"]

1. f4 c5 2. e4 d6 3. Nf3 Nc6 4. Be2 Nf6 5. d3 e5 6. fxe5 dxe5 7. O-O Nd4 8. Nc3 Nxf3+ 9. Bxf3 Be6 10. Bg5 Be7 11. Kh1 Qd7 12. a4 O-O 13. b3 Rfe8 14. Ne2 h6 15. Bh4 Ng4 16. Bxg4 Bxg4 17. Bxe7 Qxe7 18. Qe1 Bxe2 19. Qxe2 Rac8 20. Qg4 Rc6 21. Qh5 Rg6 22. Rf5 Rg5 23. Rxg5 Qxg5 24. Qxg5 1/2-1/2

[Event "Montreal Mercredi 11"]
[Site "Montreal CAN"]
[Date "2011.11.30"]
[Round "3"]
[White "Valle-Romo, Ricardo"]
[Black "Nardone, Raul"]
[Result "1-0"]
[WhiteElo "1939"]
[BlackElo "1835"]
[PlyCount "93"]
[GameId "2160767909573569"]
[EventDate "2011.11.16"]
[EventType "swiss"]
[EventRounds "5"]
[EventCountry "CAN"]
[SourceTitle "EXT 2022"]
[Source "ChessBase"]
[SourceDate "2021.10.06"]
[SourceVersion "1"]
[SourceVersionDate "2021.10.06"]
[SourceQuality "1"]

1. c4 Nf6 2. h3 d5 3. cxd5 Nxd5 4. a3 e5 5. Nf3 e4 6. Qa4+ Nc6 7. Qxe4+ Be7 8. Nc3 Nf6 9. Qc2 O-O 10. e3 b6 11. b4 Bb7 12. Bb2 a5 13. b5 Na7 14. Be2 c6 15. bxc6 Nxc6 16. O-O Rc8 17. Rac1 Na7 18. Qb3 b5 19. Nd4 b4 20. axb4 axb4 21. Nb1 Bd5 22. Bc4 Bb7 23. Rfd1 Qa5 24. d3 Qg5 25. e4 Nh5 26. Nf3 Qg6 27. Ne5 Qg5 28. Bxf7+ Kh8 29. Nf3 Qh6 30. Rxc8 Bxc8 31. Bc1 Nf4 32. Bxf4 Qxf4 33. Be6 Bb7 34. Bd5 Bc8 35. Nbd2 Bxh3 36. gxh3 Nb5 37. Qc4 Na3 38. Qd4 Qh6 39. Qe5 Bf6 40. Qd6 Qg6+ 41. Kf1 Rd8 42. Qxb4 Nc2 43. Qa4 Ne3+ 44. fxe3 Qg3 45. e5 Qxh3+ 46. Kf2 Be7 47. Qe4 1-0

[Event "Montreal Mercredi 11"]
[Site "Montreal CAN"]
[Date "2011.12.07"]
[Round "4"]
[White "Berthiaume, Yves"]
[Black "Lepine, Yannick"]
[Result "1-0"]
[WhiteElo "1428"]
[BlackElo "1428"]
[PlyCount "75"]
[GameId "2160767909573570"]
[EventDate "2011.11.16"]
[EventType "swiss"]
[EventRounds "5"]
[EventCountry "CAN"]
[SourceTitle "EXT 2022"]
[Source "ChessBase"]
[SourceDate "2021.10.06"]
[SourceVersion "1"]
[SourceVersionDate "2021.10.06"]
[SourceQuality "1"]

1. d4 Nf6 2. c4 e6 3. Nf3 c5 4. g3 cxd4 5. Nxd4 Nc6 6. Bg2 Qb6 7. Nxc6 bxc6 8. O-O Bb7 9. Nc3 Be7 10. Rb1 O-O 11. Bf4 d5 12. b3 Qd8 13. Qc2 Nh5 14. Bc1 f5 15. e3 Nf6 16. Ne2 Qc8 17. Bb2 Qe8 18. Nd4 Bd6 19. Nf3 Nd7 20. Rbd1 Rc8 21. Nd4 Bb8 22. Rc1 Qf7 23. Qe2 e5 24. Nf3 h6 25. cxd5 cxd5 26. Qb5 Ba8 27. Nd2 Qe6 28. Nc4 Bc6 29. Qa6 Nc5 30. Qa3 Nd3 31. Rc2 dxc4 32. bxc4 Bxg2 33. Kxg2 Nxb2 34. Qxb2 Rxc4 35. Qb3 Qc6+ 36. Kg1 Rc8 37. Rfc1 Qe8 38. Rxc4 1-0

[Event "Montreal Mercredi 11"]
[Site "Montreal CAN"]
[Date "2011.12.07"]
[Round "4"]
[White "Chenard, Yanick"]
[Black "Munshi, Shawkat"]
[Result "1/2-1/2"]
[WhiteElo "1539"]
[BlackElo "1486"]
[PlyCount "72"]
[GameId "2160767909573571"]
[EventDate "2011.11.16"]
[EventType "swiss"]
[EventRounds "5"]
[EventCountry "CAN"]
[SourceTitle "EXT 2022"]
[Source "ChessBase"]
[SourceDate "2021.10.06"]
[SourceVersion "1"]
[SourceVersionDate "2021.10.06"]
[SourceQuality "1"]

1. e4 c5 2. Nc3 d6 3. g3 Nf6 4. Bg2 Nc6 5. f4 e6 6. d3 Be7 7. Nf3 Qc7 8. Be3 a6 9. a4 b6 10. O-O O-O 11. d4 cxd4 12. Nxd4 Bb7 13. Nf3 Rfd8 14. Qe2 Rac8 15. Qf2 Ng4 16. Bxb6 Nxf2 17. Bxc7 Rxc7 18. Rxf2 Bf6 19. Nd1 Nd4 20. c3 Nb3 21. Ra3 Nc5 22. Nd2 Bc6 23. a5 Nd3 24. Re2 Bb5 25. Re3 Nc5 26. Bf1 Bxf1 27. Kxf1 e5 28. f5 Bg5 29. Re2 Bxd2 30. Rxd2 Nxe4 31. Rd5 Nf6 32. Rd2 d5 33. Ra4 Rb7 34. Ke2 Kf8 35. Nf2 Ke7 36. Nd3 Kd6 1/2-1/2

[Event "Montreal Mercredi 11"]
[Site "Montreal CAN"]
[Date "2011.12.07"]
[Round "4"]
[White "Cote, Philippe"]
[Black "Gauthier, Luc"]
[Result "0-1"]
[WhiteElo "1709"]
[BlackElo "1695"]
[PlyCount "64"]
[GameId "2160767909573572"]
[EventDate "2011.11.16"]
[EventType "swiss"]
[EventRounds "5"]
[EventCountry "CAN"]
[SourceTitle "EXT 2022"]
[Source "ChessBase"]
[SourceDate "2021.10.06"]
[SourceVersion "1"]
[SourceVersionDate "2021.10.06"]
[SourceQuality "1"]

1. f4 e5 2. fxe5 d6 3. exd6 Bxd6 4. Nf3 g5 5. g3 g4 6. Nh4 Ne7 7. d4 Ng6 8. Nxg6 hxg6 9. Qd3 Nc6 10. c3 Qf6 11. e4 Bd7 12. Bg2 O-O-O 13. Be3 Rxh2 14. e5 Rxh1+ 15. Bxh1 Bxe5 16. dxe5 Nxe5 17. Qf1 Qe6 18. Nd2 Nf3+ 19. Bxf3 Qxe3+ 20. Be2 Bb5 21. Rd1 Bxe2 22. Qxe2 Qxg3+ 23. Qf2 Re8+ 24. Kf1 Qd3+ 25. Kg1 Re2 26. Qh4 Rxd2 27. Qxg4+ Qd7 28. Qxd7+ Rxd7 29. Rf1 f5 30. Rf2 Kd8 31. Kg2 Ke7 32. Kf3 Kf6 0-1

[Event "Montreal Mercredi 11"]
[Site "Montreal CAN"]
[Date "2011.12.07"]
[Round "4"]
[White "Gagnon, Serge"]
[Black "Levkovsky, Alexandre"]
[Result "0-1"]
[WhiteElo "2131"]
[BlackElo "2289"]
[PlyCount "36"]
[GameId "2160767909573573"]
[EventDate "2011.11.16"]
[EventType "swiss"]
[EventRounds "5"]
[EventCountry "CAN"]
[SourceTitle "EXT 2022"]
[Source "ChessBase"]
[SourceDate "2021.10.06"]
[SourceVersion "1"]
[SourceVersionDate "2021.10.06"]
[SourceQuality "1"]

1. e4 e5 2. Nf3 Nc6 3. g3 Nf6 4. d3 d5 5. exd5 Nxd5 6. Bg2 Bc5 7. O-O O-O 8. c3 Bg4 9. b4 Ndxb4 10. Qa4 Bxf3 11. Bxf3 Qxd3 12. cxb4 Bd4 13. Be3 Bxa1 14. b5 Nd4 15. Bxb7 Rab8 16. Rd1 Qxb5 17. Qxb5 Nxb5 18. Ba6 Bd4 0-1

[Event "Montreal Mercredi 11"]
[Site "Montreal CAN"]
[Date "2011.12.07"]
[Round "4"]
[White "Gauthier, Denis"]
[Black "Cardin, Guillaume"]
[Result "0-1"]
[WhiteElo "1961"]
[BlackElo "2007"]
[PlyCount "32"]
[GameId "2160767909573574"]
[EventDate "2011.11.16"]
[EventType "swiss"]
[EventRounds "5"]
[EventCountry "CAN"]
[SourceTitle "EXT 2022"]
[Source "ChessBase"]
[SourceDate "2021.10.06"]
[SourceVersion "1"]
[SourceVersionDate "2021.10.06"]
[SourceQuality "1"]

1. d4 Nf6 2. c4 e6 3. Nf3 d5 4. Nc3 c6 5. Qd3 Nbd7 6. g3 Bb4 7. Bd2 O-O 8. Bg2 b6 9. O-O Ba6 10. b3 Rc8 11. a3 Be7 12. e4 dxe4 13. Nxe4 c5 14. Bc3 cxd4 15. Nxd4 Nc5 16. Nxc5 bxc5 0-1

[Event "Montreal Mercredi 11"]
[Site "Montreal CAN"]
[Date "2011.12.07"]
[Round "4"]
[White "Mestre, Evick"]
[Black "Bergeron, Jean-Guy"]
[Result "0-1"]
[WhiteElo "1553"]
[BlackElo "1460"]
[PlyCount "34"]
[GameId "2160767909573576"]
[EventDate "2011.11.16"]
[EventType "swiss"]
[EventRounds "5"]
[EventCountry "CAN"]
[SourceTitle "EXT 2022"]
[Source "ChessBase"]
[SourceDate "2021.10.06"]
[SourceVersion "1"]
[SourceVersionDate "2021.10.06"]
[SourceQuality "1"]

1. d4 Nc6 2. c4 e5 3. d5 Nce7 4. e4 Ng6 5. Nc3 Bc5 6. a3 a5 7. Nf3 d6 8. Be2 Nf6 9. O-O O-O 10. Bd3 Bg4 11. h3 Bd7 12. Ne2 Nh5 13. Kh2 Nh4 14. Ng3 Nf4 15. Nxh4 Qxh4 16. Bxf4 exf4 17. Qh5 fxg3+ 0-1

[Event "Montreal Mercredi 11"]
[Site "Montreal CAN"]
[Date "2011.12.07"]
[Round "4"]
[White "Millette, Sylvain"]
[Black "Hebert, Pierre"]
[Result "0-1"]
[WhiteElo "1594"]
[BlackElo "1585"]
[PlyCount "120"]
[GameId "2160767909573577"]
[EventDate "2011.11.16"]
[EventType "swiss"]
[EventRounds "5"]
[EventCountry "CAN"]
[SourceTitle "EXT 2022"]
[Source "ChessBase"]
[SourceDate "2021.10.06"]
[SourceVersion "1"]
[SourceVersionDate "2021.10.06"]
[SourceQuality "1"]

1. Nf3 Nf6 2. g3 d5 3. Bg2 Nbd7 4. d4 e6 5. O-O Be7 6. c3 c6 7. Qc2 O-O 8. Nbd2 Re8 9. e4 dxe4 10. Nxe4 Nxe4 11. Qxe4 Nf6 12. Qc2 Qc7 13. Bf4 Bd6 14. Bxd6 Qxd6 15. Rfe1 Bd7 16. Re2 Rac8 17. Ne5 Qc7 18. Rd1 Red8 19. Nd3 b6 20. Rde1 Be8 21. Bh3 Nd5 22. f4 Bd7 23. Ne5 Nf6 24. Nxd7 Nxd7 25. Qb3 Rf8 26. Bxe6 fxe6 27. Rxe6 Kh8 28. Re7 Qd8 29. Qe6 Nf6 30. Re5 Re8 31. Qf7 Rxe7 32. Rxe7 Qg8 33. Qxg8+ Kxg8 34. Rxa7 b5 35. a4 bxa4 36. Rxa4 Nd5 37. Kf2 Kf7 38. c4 Nf6 39. Ra7+ Kg6 40. h3 Ne4+ 41. Kg2 Rb8 42. d5 cxd5 43. cxd5 Rxb2+ 44. Kf3 Nc5 45. Re7 Rb3+ 46. Kg4 Kf6 47. Re5 g6 48. h4 h5+ 49. Kh3 Rd3 50. Kg2 Nd7 51. Re6+ Kf7 52. Rd6 Nf6 53. Re6 Rxd5 54. Re3 Ng4 55. Ra3 Kf6 56. Rb3 Kf5 57. Kf3 Nf6 58. Re3 Rc5 59. Ra3 Ne4 60. Rd3 Rc3 0-1